Titel des FC Bayern München - Statistiken

Allgemein
  • Dieses Quiz wurde 826 mal gespielt
  • Das Durchschnittsergebnis liegt bei 4 aus 11
Antwortstatistiken
Hint Antwort % Korrekt
19 DFB Pokal
95%
2 Champions League
93%
29 Deutscher Meister
69%
1 UEFA Cup
35%
2 Weltpokal
31%
3 Europapokal der Landesmeister
28%
1 Europapokal der Pokalsieger
25%
8 Deutscher Supercup
24%
6 Ligapokal
18%
1 Europäischer Supercup
15%
1 FIFA Klub WM
8%
Keine übereinstimmenden Quizze gefunden
Verteilung der Resultate
Anzahl Personen mit jedem Resultat
Perzentil nach korrekt beantworteten Fragen
Ihre Resultats-Entwicklung
Sie haben dieses Quiz noch nicht gespielt